000 01601nam a2200337 i 4500
001 768714001
003 CO-MdFUSB
005 20231101102020.0
008 230925t19821988us ||||g |||| 00| 0 spa d
020 _a0311050433
040 _aCO-MdFUSB
_bspa
_cCO-MdFUSB
_dCO-MdFUSBC
_erda
041 _aspa
_heng
082 _223
_a239
_bD998
100 _aDyrness, William,
_eautor
240 _aApologetics in a World Community
245 1 4 _aApologética cristiana
_b : una respuesta a los desafíos actuales a la fe
_c/ Dyrness William ; traducido por Eustache Vilaire Alirio
250 _aprimera edición
264 1 _aEstados Unidos :
_bCasa Bautista de Publicaciones,
_c[1988]
264 4 _c©1988
300 _a224 páginas
_c; 21 cm.
336 _2rdacontent
_atexto
_btxt
337 _2rdamedia
_asin mediación
_bn
338 _2rdacarrier
_avolumen
_bnc
504 _aIncluye bibliografía (páginas 217-224)
505 _aI. Introducción a la apologética -- II. Reseña histórica de la apologética -- III. Elementos del argumento apologético -- IV. Estructura básica: El cristianismo como el proyecto de Dios -- V. Sistemas alternativos al cristianismo -- VI. ¿Es el cristianismo para todos o solamente para unos pocos? -- VII. Las ciencias empíricas -- VIII. Las ciencias sociales -- IX. El problema del mal -- X. El marxismo -- XI. Epilogo: La construcción de nuestra apologética sobre roca o sobre arena.
563 _aRústico
650 7 _9187
_aApologética
700 _95939
_aEustache Vilaire, Alirio,
_etraductor
942 _cBK
945 _asor1564
999 _c69042
_d69042